Мъглижката гробница (Запис номер 184254)
[ съкратено ]
| 000 -Лидер | |
|---|---|
| Контролно поле с фиксирана дължина | 01517nam a2200349 c 4500 |
| 003 - Код на организацията, давaща контролен номер | |
| Контролно поле | BLK |
| 005 - Дата и час на последна редакция | |
| Контролно поле | 20180422115333.0 |
| 008 - Елементи от данни с фиксирана дължина | |
| fixed length control field | 180411b bul|||||r ||||||| ||bul|| |
| 010 ## - Наследен системен номер | |
| LC control number | KNG00193207000 |
| 040 ## - Източник на каталожния запис | |
| Идентификатор на билиотеката - собственик на записа | BLK |
| 041 ## - Код за език | |
| Код за езика на текст/звукозапис или на отделно заглавие | Български |
| Код за езика КДБФ | Български |
| 080 ## - УДК | |
| Текстов определител УДК | Паметници на културата на историческите периоди. Археологическите паметници. Старини |
| УДК код - определител по УДК | 904 |
| УДК определител | (497.2) |
| УДК - код + определител | 904(497.2) |
| 100 1# - Редна дума - Автор | |
| Автор | Гетов, Людмил Стефанов |
| Авторска отговорност | първи автор |
| R(LIN) | 378651 |
| 139 ## - Редно поле | |
| Редна дума | Гетов, Людмил Стефанов |
| Авторски знак | Гете - Г 43 |
| 245 10 - Сведения за заглавието | |
| Заглавие | Мъглижката гробница |
| Подзаглавни данни | Научнопопул. студия |
| Редно поле (дума) | Людмил Стефанов Гетов; прев. Лоте Карл Маркова. |
| 257 ## - Страна на издаване | |
| Страна на създаване/издаване | България |
| 260 ## - Област на издателските данни | |
| -- | София |
| Име на издателя, разпространителя и проч. | Бълг. художник |
| Година на издаване | 1988 |
| 300 ## - Физическа характеристика | |
| Страници | 48 с. |
| Илюстрации и др. | с ил. |
| Размери/Мащаб | 21 см |
| 380 ## - Жанр | |
| Жанр | История |
| 490 1# - СЕРИИ (Колекции) | |
| Име на серия | Паметници на културата |
| 500 ## - Общи забележки | |
| Забележка | Рез. на нем. ез. / Прев. Лоте Маркова. - 1 320 тир. |
| 650 #4 - Допълнително описание по предмет – тема | |
| Основно описание – тема или топоним | Некрополи - България |
| 9 (RLIN) | 248291 |
| 650 #4 - Допълнително описание по предмет – тема | |
| Основно описание – тема или топоним | Археологически паметници - България |
| 9 (RLIN) | 244116 |
| 650 #4 - Допълнително описание по предмет – тема | |
| Основно описание – тема или топоним | Мъглиж - история |
| 9 (RLIN) | 163110 |
| 651 #4 - Допълнително описание по предмет - топоним | |
| Географско понятие | Мъглиж |
| 9 (RLIN) | 179249 |
| 700 1# - Други автори (авторска отговорност) | |
| Лично име | Маркова, Лоте Карл |
| Автороска отговорност (Описва отношението между автора и произведението) | прев. |
| 9 (RLIN) | 379208 |
| 852 ## - Местоположение | |
| Форматна сигнатура | Цб 154140 |
| 856 4# - Електронен адрес и достъп | |
| Електронен формат | pdf - файл |
| Път до файла /url/ | |
| 856 4# - Електронен адрес и достъп | |
| Електронен формат | pdf - файл |
| Път до файла /url/ | |
| 942 ## - АРТИКУЛИ | |
| Вид на библиотечния материал | Книги |
| Скрит в OPAC | Не |
| 944 ## - СЪЗДАВАНЕ И РЕДАКЦИЯ на ЗАПИСА | |
| Създаване/Редакция | Създаване |
| Дата на регистрацията/редакция | 14.10.2016 |
| Служител, извършил регистрацията/редакцията | Кина_Георгиева |
| 944 ## - СЪЗДАВАНЕ И РЕДАКЦИЯ на ЗАПИСА | |
| Създаване/Редакция | Редакция |
| Дата на регистрацията/редакция | 14.10.2016 |
| Служител, извършил регистрацията/редакцията | Кина_Георгиева |
| 999 ## - СИСТЕМНИ КОНТРОЛНИ НОМЕРА | |
| Koha biblionumber | 184254 |
| Koha biblioitemnumber | 184254 |
| Код за отписване | Код за изгубен артикул | Източник на класификационната схема | Код за повреда | Коз за рестрикции | Код за отдаване | Артикулен № | Име на библиотеката - собственик | Име на библиотеката, в която се намира в момента | Статус (Текущо местоположение) | Дата на вписване в системата | Местоположение - отдел | Цена в лева | Инвентарен номер | Систематично азбучна сигнатура | Баркод | Номер на екземпляра | Цена в евро | Служебна бележка | Служебен тип на артикула |
|---|---|---|---|---|---|---|---|---|---|---|---|---|---|---|---|---|---|---|---|
| Не е изгубен | Universal Decimal Classification | Не е повреден | без рестрикции | ползва се в читалня | 318335 | Регионална библиотека "Любен Каравелов" Русе | Регионална библиотека "Любен Каравелов" Русе | Хранилище | 1988-01-01 | Хранилище | 2.00 | 504437 | Цб 154140 | 120000504437 | 1 | 1.02 | N: стар фонд Дата: 01.01.1988 | Книги | |
| Изтеглен | Не е изгубен | Universal Decimal Classification | Не е повреден | без рестрикции | заемане за дома | 318336 | Регионална библиотека "Любен Каравелов" Русе | Регионална библиотека "Любен Каравелов" Русе | Заемна - подръчен фонд | 1988-01-01 | Заемна - подръчен фонд | 2.00 | 505678 | П 904/Г 43 | 505678 | 2 | 1.02 | N: стар фонд Дата: 01.01.1988 | Книги |